00420cam a2200157ua 45000010005000000080039000050400009000440820008000531000035000612450052000962500009001482600044001573000023002016530010002246530028002343813111222n ii |||gr||||Z||||||asm cMAIN a780 aBarua, Nagendra Nath,eAuthor.11aDimashasakalar geet matcby Nagendra Nath Barua a2nd. aGuwahati:bPublication Board Assam,991. a224p:bill;c23cm. aMusic aDimashasakalar geet mat